000 00619nam a22001337a 4500
040 _cRUA
082 _aVEM PET 2022 B1.402 Or.1
100 _aPET PANG, ប៉ែត ប៉ង់
245 _aEffect of organic mulching on growth and yield of chines kale, ឥទ្ធិពលនៃគម្របសរីរាង្គទៅលើការលូតលាស់ និងទិន្នផលដំណាំខាត់នាដើម
260 _aPHNOM PENH
_bRUA
_c2022
300 _ax,
_bill,
_c29cm,
856 _uhttps://drive.google.com/file/d/13iCTbymKdgEW9Iz1tETzGpK2MewNW_cw/view?usp=sharing
942 _cVEM
999 _c24292
_d24292